Služby v procese transformácie ekonomiky SR
Kvantitatívne a kvalitatívne nové postavenie služieb v ekonomike v teoretickej, metodologickej a praktickej rovine. Vývoj a štruktúrne zmeny v sektore služieb, jeho vzťah k iným sektorom a porovnanie s rozvinutými krajinami. Meranie podielu služieb na tvorbe HDP v súvislosti so zavádzaním národného...
Uložené v:
| Hlavný autor: | |
|---|---|
| Médium: | Kapitola |
| Jazyk: | Slovak |
| Predmet: | |
| Tagy: |
Žiadne tagy, Buďte prvý, kto otaguje tento záznam!
|
MARC
| LEADER | 00000naa a2200000 4500 | ||
|---|---|---|---|
| 001 | r000641 | ||
| 005 | 20221214064737.2 | ||
| 041 | 0 | |a slo | |
| 044 | |a SK | ||
| 245 | 1 | 0 | |a Služby v procese transformácie ekonomiky SR |c Valéria Michalová |
| 520 | |a Kvantitatívne a kvalitatívne nové postavenie služieb v ekonomike v teoretickej, metodologickej a praktickej rovine. Vývoj a štruktúrne zmeny v sektore služieb, jeho vzťah k iným sektorom a porovnanie s rozvinutými krajinami. Meranie podielu služieb na tvorbe HDP v súvislosti so zavádzaním národného účtovníctva a novej klasifikácie priemyselných odvetví. Zmeny vo vývoji dopytu po službách vyplývajúce z realizácie ekonomickej reformy. Podnikateľské služby (business services) a ich úloha v transformačnom procese. | ||
| 610 | 2 | 0 | |a transformácia |
| 610 | 2 | 0 | |a služby |
| 610 | 2 | 0 | |a zmeny štruktúrne |
| 610 | 2 | 0 | |a dopyt |
| 610 | 2 | 0 | |a služby podnikateľské |
| 610 | 2 | 0 | |a Slovensko |
| 100 | 1 | |a Michalová, Valéria | |